Statistiques concernant Les Drapeaux des pays d'Europe

Cliquez ici pour prendre le quiz!

Statistiques générales

  • Ce quiz a été pris 627 fois
  • Le résultat moyen est 39 sur 48

Statistiques - réponses

Réponse% Correct
Allemagne
93%
Royaume-Uni
93%
Suisse
93%
Belgique
92%
Espagne
92%
France
92%
Grèce
92%
Suède
92%
Irlande
91%
Portugal
91%
Ukraine
91%
Norvège
90%
Finlande
89%
Russie
89%
Pologne
88%
Roumanie
88%
Croatie
87%
Pays-Bas
86%
Albanie
85%
Chypre
83%
Macédoine du Nord
83%
Luxembourg
82%
Danemark
81%
Islande
81%
Monaco
81%
Vatican
81%
Autriche
80%
Bulgarie
80%
Estonie
80%
Hongrie
80%
Italie
80%
République Tchèque
80%
Slovaquie
80%
Malte
79%
Serbie
79%
Slovénie
78%
Biélorussie
77%
Lettonie
77%
Lituanie
77%
Andorre
76%
Saint-Marin
75%
Kosovo
74%
Bosnie
72%
Monténégro
69%
Géorgie
66%
Moldavie
66%
Liechtenstein
62%
Arménie
52%

Distribution des résultats

Percentile par nombre de réponses

% des personnes avec chaque résultat

Votre développement - résultats

Vous n’avez pas pris ce quiz